000 00465nam a22001457a 4500
008 240520b |||||||| |||| 00| 0 eng d
020 _a9780141187204
050 _aPR 9408050. S4521970
100 _aTayeb Salih:
245 _aSeasons of Migration to the North/
_cSalih, Tayeb.
260 _aBritain:
_bPnguin,
_c1970.
300 _ax,179p. :
_c20cm
650 _aAfrican Writers Series.
_xEnglish.
942 _2lcc
_cAFRICANA
_hPR 9408050. S4521970
999 _c32017
_d32017